000 00978cam a22002651i 4500
003 SA-RiAUC
005 20251106073011.0
008 251105s1993 le g 000 0 ara c
040 _aSA-JeALM
_bara
_cSA-RiAUC
_erda
050 0 4 _bM32. 1993
082 0 4 _a260
090 _a260
_bم د خ
100 1 _aالمدخلي، محمد بن ربيع بن هادي بن عمير،
_d1370 هجري-
_eمؤلف.
245 1 0 _aحقيقة الصوفية في ضوء الكتاب والسنة /
_cمحمد ربيع هادي المدخلي.
250 _aالطبعة الثالثة.
264 1 _aبيروت :
_bمؤسسة الرسالة،
_c1993
300 _a44 صفحة؛
_c16سم.
336 _aنص
_btxt
_2rdacontent
_3كتاب
337 _aبدون وسيط
_bn
_2rdamedia
338 _aمجلد
_bnc
_2rdacarrier
650 7 _aالتصوف الإسلامي
_2aucsh
730 2 2 _aالقرآن
942 _2ddc
_cBOOK
_n0
949 _aSA-JeALM
_d251105
_umohamedma123
_n1
999 _c13045
_d13045